|
|
|
|
| LEADER |
00000nab a2200000 a 4500 |
| 001 |
vtls010295296 |
| 003 |
SK-MaSNL |
| 005 |
20260304013324.0 |
| 008 |
110727c201106 xo r p 000 00slo |
| 015 |
|
|
|a SNBRB2011/08SVKPO
|
| 038 |
|
|
|a SVKPOCL
|
| 040 |
|
|
|a SVKPOCL
|b slo
|c SVKPOCL
|e AACR2
|
| 041 |
|
|
|a slo
|
| 044 |
|
|
|a xo
|c SK
|
| 080 |
|
|
|a 636.7:798.8.021.12
|2 2001
|
| 080 |
|
|
|a 06.063
|2 2001
|
| 080 |
|
|
|a 798.8.021.12
|2 2001
|
| 100 |
1 |
|
|a Klíma, Jozef
|4 aut
|9 386663
|
| 245 |
1 |
0 |
|a Majstrovstvá sveta vo výkone dobermanov WM IDC 2011 pohľadom rozhodcu, alebo "Taliani sú nám bližší, než by sme čakali..."
|c Jozef Klíma
|
| 300 |
|
|
|a Fotogr.
|
| 611 |
2 |
7 |
|a Majstrovstvá sveta vo výkone dobermanov WM IDC
|d (2011 :
|c Castano Primo - Milano, Taliansko)
|2 svkpocl
|9 1294175
|
| 648 |
|
7 |
|a 14.-15.5.2011
|2 svkpocl
|9 1294176
|
| 650 |
0 |
7 |
|a športová kynológia
|2 svkpocl
|9 79322
|
| 650 |
0 |
7 |
|a plemená psov
|2 SNKPH
|9 73412
|
| 650 |
0 |
7 |
|a doberman
|2 SNKPH
|9 81454
|
| 651 |
|
7 |
|a Miláno (Taliansko)
|2 svkpocl
|9 17071
|
| 773 |
0 |
|
|t Kynologická revue
|g Roč. XXII, č. 6 (2011), s. 7-11
|x 1335-9282
|
| 852 |
|
|
|a SVKPO
|b KIS3GCP
|
| 856 |
4 |
1 |
|u www.dogsk.sk
|
| 958 |
|
|
|a NB
|
| 958 |
|
|
|a SK
|
| 958 |
|
|
|a IT
|
| 999 |
|
|
|c 2575307
|d 2577237
|